Kobe, Jordan, or LeBron - Statistics

General Stats
  • This quiz has been taken 378 times
  • The average score is 5 of 9
Answer Stats
Question Answer % Correct
Who lost more championships? LeBron James
91%
Who won more championships? Michael Jordan
91%
Who won more MVP awards? Michael Jordan
84%
Who averaged the most points per game? Michael Jordan
70%
Who averaged the most steals per game? Michael Jordan
62%
Who had the highest 3 point percentage? LeBron James
46%
Who averaged the most blocks per game? Michael Jordan
28%
Who is the best passer? Michael Jordan
14%
Who is the best rebounder? Michael Jordan
12%
No matching quizzes found
Score Distribution
Percent of People with Each Score
Percentile by Number Answered
Your Score History
You have not taken this quiz